Návrh a dimenzovanie koreňových čistiarní odpadových vôd pre malé zdroje znečistenia

Guardado en:
Detalles Bibliográficos
Autor principal: Ščavnická, Kristína (Autor)
Otros Autores: Bodík, Igor (Orientador)
Formato: Manuscrito Libro
Lenguaje:eslovaco
Publicado: 2021
Materias:
Acceso en línea:http://is.stuba.sk/zp/portal_zp.pl?podrobnosti=162511
Etiquetas: Agregar Etiqueta
Sin Etiquetas, Sea el primero en etiquetar este registro!

MARC

LEADER 00000ntm a22000003a 4500
001 stuzp83764
003 SK-STU
005 20210626211017.5
007 ta
008 150427s2015----xo-----f-mn---000-0-slo-d
040 |a STU  |b slo 
041 0 |a slo 
100 1 |a Ščavnická, Kristína  |u 046290  |4 aut  |U FCHPT Ústav chemického a environmentálneho inžinierstva  |T FCHPT Oddelenie environmentálneho inžinierstva  |X 82598  |U C6290  |Y 120  |7 82598 
242 0 1 |a Design of constructed wetlands for small pollution sources  |y eng 
245 1 0 |a Návrh a dimenzovanie koreňových čistiarní odpadových vôd pre malé zdroje znečistenia 
260 |c 2021 
650 4 |a odpadové vody  |2 slo 
650 4 |a návrh a dimenzovanie koreňových čistiarní odpadových vôd  |2 slo 
650 4 |a alternatívne spôsoby čistenia odpadových vôd  |2 slo 
650 4 |a koreňové čistiarne odpadových vôd  |2 slo 
650 4 |a wastewater  |2 eng 
650 4 |a alternative methods of wastewater treatment  |2 eng 
650 4 |a constructed wetlands  |2 eng 
650 4 |a design and construction of wetlands  |2 eng 
700 1 |a Bodík, Igor  |u 046290  |k Z1  |4 ths  |U FCHPT Ústav chemického a environmentálneho inžinierstva  |T FCHPT Oddelenie environmentálneho inžinierstva  |X 3340  |U C6290  |Y 120  |7 A000003340 
856 4 |u http://is.stuba.sk/zp/portal_zp.pl?podrobnosti=162511